000
00298nam a2200133Ia 4500
008
230818s9999 xx 000 0 und d
041
_a
eng
100
_a
Goodall
245
_a
From pasta to pancakes
260
_b
Quantum pub
300
_a
160p
520
_a
General
999
_c
853054
_d
853054
650
_a
Food Production